000 00700nam a2200289Ia 4500
005 20260324121140.0
008 008 260324s9999 xx 000 0 eng d
020 _a9781315766591
037 _aEBOOK
040 _aCRL
040 _beng
040 _cCRL
041 _2eng
041 _aeng
084 _qCRL
100 _aAndy Smith; Bernard Jullien
_91161376
245 4 _aThe EU's Government of Industries
245 0 _bMarkets, Institutions and Politics
260 _bTaylor and Francis
260 _c2014
365 _a
365 _b240
856 _uhttp://www.taylorfrancis.com/books/9781315766591
942 _cEBOOK
999 _c1753298
_d1753298